00430 2200169 4500001002100000005001500021008004100036020002200077035001900099041000700118082001200125090001800137100002100155245002900176260003200205300002300237INLIS00000000000059820241224112211241224||||||||| | ||| |||| || |  a978-979-26-2444-1 0010-1224000598 aid0 a297.427 a297.427 AHM l0 aAhmad Rodoni dkk00aLembaga Keuangan Syariah aJakartabZikrul Hakimc2008 ax, 212 hlm,; 23 cm